000 003730000a22001450004500
003 MACL
005 20160205173939.0
008 160205b xxu||||| |||| 00| 0 eng d
040 _aMACL
_cMACL
041 _aHindi
082 _a100
245 _aअध्‍यात्‍म िरहस्‍य खण्‍ड
650 _aPhilosophy
_937011
942 _cHIN
_k100
_2ddc
999 _c27252
_d27252